Исследование теплового эффекта пиролиза торфа применительно к его теплотехнологической переработке; Проблемы совершенствования топливно-энергетического комплекса; № 8 : Совершенствование энергетических систем и теплоэнергетических комплексов

Dades bibliogràfiques
Parent link:Проблемы совершенствования топливно-энергетического комплекса: материалы XIII Международной научно-технической конференции, Саратов, 01-03 ноября 2016 г./ Саратовский государственный технический университет (СГТУ).— , 2016
№ 8 : Совершенствование энергетических систем и теплоэнергетических комплексов.— 2016.— [С. 280-284]
Autor principal: Астафьев А. В. Александр Владимирович
Autor corporatiu: Национальный исследовательский Томский политехнический университет (ТПУ) Энергетический институт (ЭНИН) Кафедра парогенераторостроения и парогенераторных установок (ПГС и ПГУ)
Altres autors: Ибраева К. Т. Канипа Талгатовна, Табакаев Р. Б. Роман Борисович
Sumari:Заглавие с экрана
Idioma:rus
Publicat: 2016
Matèries:
Accés en línia:http://xn--80azbkd5a.xn--p1ai/images/files/Sbornik_OEP_edition_8.pdf#page=280
Format: Electrònic Capítol de llibre
KOHA link:https://koha.lib.tpu.ru/cgi-bin/koha/opac-detail.pl?biblionumber=652367

MARC

LEADER 00000naa0a2200000 4500
001 652367
005 20250902114908.0
035 |a (RuTPU)RU\TPU\network\17651 
035 |a RU\TPU\network\17640 
090 |a 652367 
100 |a 20161220d2016 k||y0rusy50 ca 
101 0 |a rus 
102 |a RU 
135 |a drcn ---uucaa 
181 0 |a i  
182 0 |a b 
200 1 |a Исследование теплового эффекта пиролиза торфа применительно к его теплотехнологической переработке  |f А. В. Астафьев, К. Т. Ибраева, Р. Б. Табакаев 
203 |a Текст  |c электронный 
300 |a Заглавие с экрана 
320 |a [Библиогр.: с. 283-284 (8 назв.)] 
461 1 |t Проблемы совершенствования топливно-энергетического комплекса  |o материалы XIII Международной научно-технической конференции, Саратов, 01-03 ноября 2016 г.  |f Саратовский государственный технический университет (СГТУ)  |d 2016 
463 1 |t № 8 : Совершенствование энергетических систем и теплоэнергетических комплексов  |v [С. 280-284]  |d 2016 
610 1 |a электронный ресурс 
610 1 |a труды учёных ТПУ 
610 1 |a тепловые эффекты 
610 1 |a торф 
610 1 |a термическая переработка 
610 1 |a экзотермические реакции 
610 1 |a прессование 
610 1 |a экзотермические реакции 
700 1 |a Астафьев  |b А. В.  |c специалист в области теплоэнергетики  |c лаборант Томского политехнического университета  |f 1994-  |g Александр Владимирович  |3 (RuTPU)RU\TPU\pers\34149 
701 1 |a Ибраева  |b К. Т.  |c специалист в области энергетического машиностроения  |c инженер-исследователь Томского политехнического университета  |f 1993-  |g Канипа Талгатовна  |3 (RuTPU)RU\TPU\pers\46099 
701 1 |a Табакаев  |b Р. Б.  |c специалист в области теплоэнергетики  |c научный сотрудник Томского политехнического университета, кандидат наук  |f 1986-  |g Роман Борисович  |3 (RuTPU)RU\TPU\pers\29598  |9 14133 
712 0 2 |a Национальный исследовательский Томский политехнический университет (ТПУ)  |b Энергетический институт (ЭНИН)  |b Кафедра парогенераторостроения и парогенераторных установок (ПГС и ПГУ)  |3 (RuTPU)RU\TPU\col\18681 
801 2 |a RU  |b 63413507  |c 20200820  |g RCR 
856 4 |u http://xn--80azbkd5a.xn--p1ai/images/files/Sbornik_OEP_edition_8.pdf#page=280 
942 |c CF